<?xml version="1.0" encoding="UTF-8"?>
<collection xmlns="http://www.loc.gov/MARC21/slim">
  <record>
    <leader>00000nam  2200000   4500</leader>
    <controlfield tag="001">INLIS000000000013181</controlfield>
    <controlfield tag="005">20220729082524</controlfield>
    <datafield tag="035" ind1="#" ind2="#">
      <subfield code="a">0010-0722000019</subfield>
    </datafield>
    <datafield tag="245" ind1="1" ind2="#">
      <subfield code="a">Sistem Informasi Data Aktual Kinerja Kelompok Tani (SIDAK POKTAN) Membangun Pertanian Dinas Pertanian Kabupaten Malinau Provinsi Kalimantan Utara /</subfield>
      <subfield code="c">Dr. Afri ST.Padan, S.P., M.Si.</subfield>
    </datafield>
    <datafield tag="100" ind1=" " ind2="#">
      <subfield code="a">PADAN, Afri ST.</subfield>
    </datafield>
    <datafield tag="250" ind1="#" ind2="#">
      <subfield code="a">1</subfield>
    </datafield>
    <datafield tag="300" ind1="#" ind2="#">
      <subfield code="a">vi, 34 halaman; lampiran :</subfield>
      <subfield code="b">ilustrasi ;</subfield>
      <subfield code="c">30 cm</subfield>
    </datafield>
    <datafield tag="260" ind1="#" ind2="#">
      <subfield code="a">Samarinda :</subfield>
      <subfield code="b">Puslatbang KDOD,</subfield>
      <subfield code="c">2020</subfield>
    </datafield>
    <datafield tag="084" ind1="#" ind2="#">
      <subfield code="a">PKN 277 2020</subfield>
    </datafield>
    <datafield tag="650" ind1="#" ind2="4">
      <subfield code="a">Proyek Perubahan</subfield>
    </datafield>
    <datafield tag="650" ind1="#" ind2="4">
      <subfield code="a">Kepemimpinan Nasional Tingkat II</subfield>
    </datafield>
    <datafield tag="650" ind1="#" ind2="4">
      <subfield code="a">teknologi informasi</subfield>
    </datafield>
    <datafield tag="650" ind1="#" ind2="4">
      <subfield code="a">sistem  infomasi</subfield>
    </datafield>
    <datafield tag="650" ind1="#" ind2="4">
      <subfield code="a">manajemen database</subfield>
    </datafield>
    <datafield tag="650" ind1="#" ind2="4">
      <subfield code="a">inovasi pemerintah</subfield>
    </datafield>
    <datafield tag="650" ind1="#" ind2="4">
      <subfield code="a">manajemen data</subfield>
    </datafield>
    <datafield tag="650" ind1="#" ind2="4">
      <subfield code="a">kinerja pemerintah</subfield>
    </datafield>
    <datafield tag="520" ind1="#" ind2="#">
      <subfield code="a">Laporan proyek perubahan ini diangkat dari tuntutan memberikan layanan informasi data kelompok tani sebagai stakeholder yang aktual dan kinerja dapat dijadikan sumber penyusunan bahan  perencanaan, monitoring dan evaluasi pembangunan pertanian Kabupaten Malinau. Proyek Perubahan Sistem Informasi Data Aktual Kinerja Kelompok tani merupakan pengelolaan informasi berupa data yang memuat tentang aktifitas administrasi dan kegiatan aktual kelompok tani dari petani, diverifikasi oleh penyuluh, diolah divalidasi di Balai Penyuluhan Pertanian (BPP) di setiap kecamatan dan diteruskan ke Dinas pertanian sebagai admin pengelola data aktual kinerja menggunakan website pemda dikelola oleh Dinas Komunikasi dan Informasi Kabupaten Malinau ditautkan dengan SIMULHTAN.</subfield>
    </datafield>
    <controlfield tag="008">220729################|##########|#|##</controlfield>
    <datafield tag="500" ind1="#" ind2="#">
      <subfield code="a">Coach : Ir. Choirul Djamhari, M.Sc.,Ph.D&#13;
Penguji : Dr. Mariman Darto, M.Si&#13;
Mentor : Dr. Ermes Silvanus, S.Pd., M.Si</subfield>
    </datafield>
    <datafield tag="990" ind1="#" ind2="#">
      <subfield code="a">PKN/277/2020</subfield>
    </datafield>
  </record>
</collection>
